Legislación bancaria

Uloženo v:
Podrobná bibliografie
Hlavní autoři: Morand Valdivieso, Luis (autor), Nacrur, Miguel Angel (Autor), Montes, Javier (Autor)
Médium: Kniha
Jazyk:španělština
Vydáno: Santiago Jurídica de Chile 1980
Témata:
Tagy: Přidat tag
Žádné tagy, Buďte první, kdo vytvoří štítek k tomuto záznamu!

MARC

LEADER 00000nam a2200000 a 4500
001 UCY7367
003 CL-VaPUC
008 950614e19800000CL |||||||||||||||||spa|d
082 0 4 |a 346.83082  |b MOR  |2 21 
100 |a Morand Valdivieso, Luis  |e autor  |9 565769 
700 0 |a Nacrur, Miguel Angel  |e author  |9 337855 
700 0 |a Montes, Javier  |e author  |9 337856 
245 1 0 |a Legislación bancaria 
300 |a 167 p 
942 |c BK 
945 |d 19950614 00:00:00  |a aalvarez 
260 |a Santiago  |b Jurídica de Chile  |c 1980 
650 7 |a BANCOS LEGISLACION  |2 CL-VaPUC  |9 255083 
650 0 |a Operaciones bancarias   |9 337857 
651 7 |a CHILE  |2 CL-VaPUC  |9 337858 
583 |a last modification  |c 19950614 00:00:00  |k Rodrigo Vera 
999 |c 234768  |d 234766 
952 |0 0  |1 0  |4 0  |6 346_830820000000000_MOR_1980  |7 0  |8 A  |9 241453  |a BIBDER  |b BIBDER  |d 2019-11-18  |i 2007037  |o 346.83082 MOR 1980  |p 2007037  |r 2023-01-25  |w 2019-11-18  |y BK  |k DER